Normal view
MARC view
- Sawant Pranita
Entry Personal Name
001 - CONTROL NUMBER
- control field: 181645
003 - CONTROL NUMBER IDENTIFIER
- control field: OSt
005 - DATE AND TIME OF LATEST TRANSACTION
- control field: 20230601154420.0
008 - FIXED-LENGTH DATA ELEMENTS
- fixed length control field: 230601|| aca||aabn | a|a d
040 ## - CATALOGING SOURCE
- Original cataloging agency: OSt
- Transcribing agency: OSt
100 ## - HEADING--PERSONAL NAME
- Personal name: Sawant Pranita
670 ## - SOURCE DATA FOUND
- Source citation: Work cat.: (OSt)159705: Sawant Pranita, An Integrated Landscape Approach Tostrengthen Livelihoods For Rural Agrarian Communities Arou nd MksssSite In Dhagewadi, Satara